[Event "Aragon-chT Honor Descenso"]
[Site "Aragon"]
[Date "2014.03.29"]
[Round "10.21"]
[White "Cabrera Moreno, Daniel"]
[Black "Gavin Roche, Enrique"]
[Result "1/2-1/2"]
[WhiteElo "2179"]
[BlackElo "2243"]
[PlyCount "44"]
[EventDate "2014.01.25"]
[EventType "team-tourn"]
[EventRounds "11"]
[EventCountry "ESP"]
[SourceTitle "EXT 2015"]
[Source "ChessBase"]
[SourceDate "2014.11.20"]
[SourceVersion "1"]
[SourceVersionDate "2014.11.20"]
[SourceQuality "1"]
[WhiteTeam "La Aurora Estadilla"]
[BlackTeam "Aragon ONCE"]
[WhiteTeamCountry "ESP"]
[BlackTeamCountry "ESP"]

1. b3 d5 2. Bb2 Bg4 3. g3 Nd7 4. Bg2 c6 5. h3 Bh5 6. Nf3 Ngf6 7. 0-0 e6 8. d3 Bc5 9. Nbd2 0-0 10. e4 Qc7 11. e5 Ne8 12. g4 Bg6 13. Qe2 a5 14. a4 Qd8 15. Nd4 Qb6 16. N4f3 Nc7 17. Kh1 Na6 18. Nh4 Nb4 19. Rac1 Na2 20. Ra1 Nb4 21. Rac1 Na2 22. Ra1 Nb4 1/2-1/2

[Event "Aragon-chT Honor GrB "]
[Site "Aragon"]
[Date "2012.02.25"]
[Round "4.30"]
[White "Cabrera Moreno, Daniel"]
[Black "Valles Mata, David"]
[Result "1/2-1/2"]
[WhiteElo "2191"]
[BlackElo "2184"]
[PlyCount "71"]
[EventDate "2012.02.04"]
[EventType "team-tourn"]
[EventRounds "7"]
[EventCountry "ESP"]
[SourceTitle "EXT 2014"]
[Source "ChessBase"]
[SourceDate "2013.11.20"]
[SourceVersion "1"]
[SourceVersionDate "2013.11.20"]
[SourceQuality "1"]
[WhiteTeam "Actur Rey Fernando"]
[BlackTeam "La Aurora Estadilla"]
[WhiteTeamCountry "ESP"]
[BlackTeamCountry "ESP"]

1. d4 Nf6 2. Bg5 e6 3. e3 h6 4. Bh4 c5 5. c3 b6 6. Nd2 Be7 7. Bxf6 gxf6 8. Ngf3 Bb7 9. Bd3 Nc6 10. Qe2 Qc7 11. 0-0-0 cxd4 12. exd4 d5 13. Kb1 0-0-0 14. Rhe1 Kb8 15. g3 Rc8 16. Nh4 h5 17. f4 f5 18. Ndf3 Bf6 19. Rc1 Na5 20. b3 Qd6 21. Qb2 Rc7 22. Rc2 a6 23. a4 Ka7 24. Qa2 Rhc8 25. Rec1 Nc6 26. Ng2 Ne7 27. Ne5 Ng6 28. h4 Bxe5 29. fxe5 Qe7 30. Kb2 f6 31. exf6 Qxf6 32. Re1 a5 33. Qa1 Ba6 34. Bxa6 Kxa6 35. Qd1 Rh8 36. Qd3+ 1/2-1/2

[Event "Aragon-chT Preferente-A"]
[Site "Spain"]
[Date "2011.02.05"]
[Round "1.3"]
[White "Sarrio Bambo, Pablo"]
[Black "Cabrera Moreno, Daniel"]
[Result "0-1"]
[WhiteElo "1885"]
[BlackElo "2193"]
[PlyCount "80"]
[EventDate "2011.02.05"]
[EventType "team-tourn"]
[EventRounds "9"]
[EventCountry "ESP"]
[SourceTitle "EXT 2013"]
[Source "ChessBase"]
[SourceDate "2012.11.22"]
[SourceVersion "1"]
[SourceVersionDate "2012.11.22"]
[SourceQuality "1"]
[WhiteTeam "Escaque 65"]
[BlackTeam "Actur Rey Fernando"]
[WhiteTeamCountry "ESP"]
[BlackTeamCountry "ESP"]

1. d4 Nf6 2. c4 e6 3. Nc3 d5 4. Nf3 Be7 5. e3 0-0 6. cxd5 exd5 7. Be2 c6 8. 0-0 Nbd7 9. Qc2 Re8 10. a3 Bd6 11. Bd3 Nf8 12. b4 a6 13. e4 dxe4 14. Nxe4 Nxe4 15. Bxe4 Bg4 16. Ng5 h6 17. Bh7+ Nxh7 18. Qxh7+ Kf8 19. Qh8+ Ke7 20. Qxg7 Bh5 21. Ne4 Kd7 22. Nf6+ Kc8 23. Nxh5 Kb8 24. Bf4 Ka7 25. Bxd6 Qxd6 26. Ng3 h5 27. Rfe1 h4 28. Ne4 Qf4 29. Nc5 Rg8 30. Qe5 Qf3 31. g3 h3 32. Qe4 Qh5 33. d5 Rae8 34. Qd3 cxd5 35. Rac1 Ka8 36. Rxe8+ Rxe8 37. Nxa6 Qh6 38. Rd1 Qxa6 39. Qxd5 Qe2 40. Qd3 Qxd3 0-1

[Event "Aragon-chT"]
[Site "Aragon"]
[Date "2009.03.14"]
[Round "7"]
[White "Cabrera Moreno, Daniel"]
[Black "Valiente Gimenez, Jose Luis"]
[Result "1/2-1/2"]
[WhiteElo "2207"]
[BlackElo "2117"]
[PlyCount "59"]
[EventDate "2009.01.24"]
[EventType "team-swiss"]
[EventRounds "9"]
[EventCountry "ESP"]
[SourceTitle "EXT 2011"]
[Source "ChessBase"]
[SourceDate "2010.11.26"]
[SourceVersion "1"]
[SourceVersionDate "2010.11.26"]
[SourceQuality "1"]

1. d4 d5 2. c4 c6 3. Qc2 Nf6 4. Nf3 dxc4 5. Qxc4 Bf5 6. g3 e6 7. Bg2 Be7 8. 0-0 0-0 9. Nc3 Nbd7 10. Qb3 Qb6 11. Qxb6 axb6 12. Bf4 b5 13. a3 h6 14. Ne5 Nxe5 15. Bxe5 b4 16. axb4 Bxb4 17. Bxf6 gxf6 18. e3 Bc2 19. Rfc1 Bb3 20. Bf3 f5 21. Kg2 Kg7 22. Bd1 Bxd1 23. Rxd1 b6 24. Kf3 Rfd8 25. Rdc1 c5 26. Na2 Bd2 27. Rc2 Bb4 28. Rcc1 Bd2 29. Rc2 Bb4 30. Rcc1 1/2-1/2

[Event "Aragon-chT"]
[Site "Aragon"]
[Date "2008.02.23"]
[Round "4"]
[White "Gonzalvo Lara, Victor"]
[Black "Cabrera Moreno, Daniel"]
[Result "0-1"]
[WhiteElo "2155"]
[BlackElo "2184"]
[PlyCount "108"]
[EventDate "2008.02.02"]
[EventType "team-swiss"]
[EventRounds "12"]
[EventCountry "ESP"]
[SourceTitle "EXT 2011"]
[Source "ChessBase"]
[SourceDate "2010.11.26"]
[SourceVersion "1"]
[SourceVersionDate "2010.11.26"]
[SourceQuality "1"]

1. e4 e5 2. Nf3 Nc6 3. Nc3 Nf6 4. d4 exd4 5. Nxd4 Bb4 6. Nxc6 bxc6 7. Bd3 d5 8. exd5 cxd5 9. 0-0 0-0 10. Bg5 c6 11. Qf3 Be7 12. Rfe1 Be6 13. h3 Rb8 14. Ne2 h6 15. Bc1 c5 16. c3 Rb6 17. Nf4 Bc8 18. Qe2 Bd6 19. Rb1 Re8 20. Qd1 Bb7 21. Rxe8+ Qxe8 22. Qe2 Qc6 23. Nh5 Bf8 24. Nxf6+ Qxf6 25. Bd2 Re6 26. Qg4 Bc8 27. Qf4 Qd8 28. Re1 Bd6 29. Qf3 Rxe1+ 30. Bxe1 Qg5 31. Qe3 Qxe3 32. fxe3 Be6 33. b3 f5 34. Kf2 Kf7 35. Kf3 g5 36. g4 Kf6 37. Bg3 Bxg3 38. Kxg3 fxg4 39. hxg4 Ke5 40. Kf3 Bf7 41. b4 cxb4 42. cxb4 d4 43. a4 h5 44. exd4+ Kxd4 45. Ba6 Bd5+ 46. Kg3 h4+ 47. Kf2 Kc3 48. b5 Kb4 49. Bc8 Kxa4 50. Bd7 Kb4 51. Bc6 Kc5 52. Be8 Bc4 53. Bg6 Bxb5 54. Be4 Bc6 0-1

[Event "Aragon-chT"]
[Site "Aragon"]
[Date "2008.02.16"]
[Round "3"]
[White "Cabrera Moreno, Daniel"]
[Black "Galvez Perez, Jose Luis"]
[Result "1-0"]
[WhiteElo "2184"]
[BlackElo "2120"]
[PlyCount "73"]
[EventDate "2008.02.02"]
[EventType "team-swiss"]
[EventRounds "12"]
[EventCountry "ESP"]
[SourceTitle "EXT 2011"]
[Source "ChessBase"]
[SourceDate "2010.11.26"]
[SourceVersion "1"]
[SourceVersionDate "2010.11.26"]
[SourceQuality "1"]

1. e4 d6 2. d4 Nf6 3. Nc3 g6 4. Bg5 Bg7 5. e5 Nfd7 6. exd6 cxd6 7. Qd2 Nc6 8. Nf3 h6 9. Be3 Nf6 10. d5 Nb8 11. 0-0-0 Nbd7 12. h3 a6 13. Nd4 Nc5 14. f3 Bd7 15. g4 h5 16. Bg2 Rc8 17. Rhe1 b5 18. g5 Nh7 19. f4 b4 20. Ne4 Qa5 21. Kb1 Na4 22. Nb3 Qc7 23. Bd4 0-0 24. Bxg7 Kxg7 25. Qd4+ Kg8 26. Rd2 a5 27. Ng3 h4 28. Nf1 Rfe8 29. Ne3 Nc3+ 30. bxc3 bxc3 31. Rd3 a4 32. Rc1 Bb5 33. Nc4 f6 34. Re3 Kg7 35. Rce1 axb3 36. Rxe7+ Rxe7 37. gxf6+ 1-0

[Event "Autonomico-chT"]
[Site "Aragon"]
[Date "2005.03.05"]
[Round "6.31"]
[White "Cabrera Moreno, Daniel"]
[Black "Galve Guinea, Alejandro"]
[Result "1-0"]
[WhiteElo "2191"]
[BlackElo "1892"]
[PlyCount "42"]
[EventDate "2005.01.22"]
[EventType "team"]
[EventRounds "12"]
[EventCountry "ESP"]
[SourceTitle "EXT 2006"]
[Source "ChessBase"]
[SourceDate "2005.11.24"]
[SourceVersion "1"]
[SourceVersionDate "2005.11.24"]
[SourceQuality "1"]

1. d4 Nf6 2. Bg5 e6 3. e4 d5 4. e5 h6 5. Be3 Nfd7 6. c3 c5 7. Nf3 Nc6 8. Nbd2 Be7 9. a3 a5 10. Bd3 cxd4 11. cxd4 Nb6 12. Rc1 a4 13. 0-0 Bd7 14. Qe2 Rc8 15. Rc2 0-0 16. Rfc1 Rc7 17. Rc3 Qb8 18. Bb1 f5 19. exf6 Bxf6 20. Qd3 Rcc8 21. Bxh6 gxh6 1-0

[Event "Autonomico-chT"]
[Site "Aragon"]
[Date "2005.02.05"]
[Round "2.39"]
[White "Cabrera Moreno, Daniel"]
[Black "Labrador Postigo, Francisco Manuel"]
[Result "1-0"]
[WhiteElo "2191"]
[BlackElo "2041"]
[PlyCount "61"]
[EventDate "2005.01.22"]
[EventType "team"]
[EventRounds "12"]
[EventCountry "ESP"]
[SourceTitle "EXT 2006"]
[Source "ChessBase"]
[SourceDate "2005.11.24"]
[SourceVersion "1"]
[SourceVersionDate "2005.11.24"]
[SourceQuality "1"]

1. e4 c5 2. Nf3 d6 3. d4 cxd4 4. Nxd4 Nf6 5. Nc3 a6 6. f3 e6 7. Be3 Be7 8. Qd2 Nc6 9. g4 0-0 10. 0-0-0 Qc7 11. Kb1 Ne5 12. g5 Nfd7 13. h4 b5 14. Qg2 b4 15. Nce2 Nc4 16. Bc1 Bb7 17. h5 d5 18. g6 dxe4 19. fxe4 Bf6 20. h6 Nc5 21. hxg7 Bxg7 22. Qh3 fxg6 23. Qxh7+ Kf7 24. Bh6 Qe5 25. Nf4 Na3+ 26. bxa3 Bxe4 27. Qxg7+ Qxg7 28. Bxg7 Bxh1 29. Bxf8 Rxf8 30. Bc4 Bd5 31. Nxd5 1-0

[Event "Aragon-chT"]
[Site "Spain"]
[Date "2004.??.??"]
[Round "?"]
[White "Sanclemente Carrasquer, Ignacio"]
[Black "Cabrera Moreno, Daniel"]
[Result "1-0"]
[WhiteElo "1828"]
[BlackElo "2213"]
[PlyCount "63"]
[EventDate "2004.01.??"]
[EventType "team"]
[EventRounds "11"]
[EventCountry "ESP"]
[SourceTitle "EXT 2006"]
[Source "ChessBase"]
[SourceDate "2005.11.24"]
[SourceVersion "1"]
[SourceVersionDate "2005.11.24"]
[SourceQuality "1"]

1. e4 e5 2. Nf3 Nc6 3. Bb5 a6 4. Ba4 Nf6 5. 0-0 Be7 6. Re1 b5 7. Bb3 0-0 8. h3 d6 9. c3 Na5 10. Bc2 c5 11. d4 Qc7 12. Nbd2 cxd4 13. cxd4 Bb7 14. d5 Rac8 15. Bd3 Nd7 16. g4 g6 17. Nf1 f5 18. Bh6 Rf7 19. Rc1 Qd8 20. Rxc8 Qxc8 21. gxf5 gxf5 22. Ng3 fxe4 23. Bxe4 Nc5 24. Kh2 Nxe4 25. Nxe4 Nc4 26. Rg1+ Kh8 27. Nfg5 Bxg5 28. Bxg5 Qf8 29. Qh5 Rf5 30. Bf6+ Qxf6 31. Nxf6 Rxh5 32. Rg8# 1-0

[Event "Ibercaja op 11th"]
[Site "Zaragoza"]
[Date "1999.??.??"]
[Round "4"]
[White "Colas Longares, Rafael P"]
[Black "Cabrera Moreno, Daniel"]
[Result "1/2-1/2"]
[WhiteElo "2320"]
[BlackElo "2160"]
[PlyCount "55"]
[EventDate "1999.04.??"]
[EventType "swiss"]
[EventRounds "9"]
[EventCountry "ESP"]
[SourceTitle "EXT 2000"]
[Source "ChessBase"]
[SourceDate "1999.11.16"]
[SourceVersion "1"]
[SourceVersionDate "1999.11.16"]
[SourceQuality "1"]

1. e4 e5 2. Nf3 Nc6 3. Bb5 a6 4. Ba4 Nf6 5. 0-0 Be7 6. Re1 b5 7. Bb3 d6 8. c3 0-0 9. d4 Bg4 10. Be3 d5 11. exd5 exd4 12. Bxd4 Nxd4 13. Qxd4 Bxf3 14. gxf3 Bd6 15. Nd2 Qd7 16. Ne4 Nxe4 17. Rxe4 Qh3 18. Rh4 Qxf3 19. Qe4 Qxe4 20. Rxe4 Rfe8 21. Bc2 Rxe4 22. Bxe4 Re8 23. Bf3 Re5 24. a4 g6 25. axb5 axb5 26. Ra8+ Kg7 27. Rb8 b4 28. cxb4 1/2-1/2